| 000 | 00741nam a2200193Ii 4500 | ||
|---|---|---|---|
| 003 | JO-AjNU | ||
| 008 | 230605s9999||||xx |||||||||||||| ||und|| | ||
| 040 |
_aJO-AjNU _bara _erda _cJO-AjNU |
||
| 041 | _aara | ||
| 050 | 1 | 4 | _aPJ7850 2015 |
| 100 | 3 |
_aمحارب، بدر, _eauthor _948646 |
|
| 245 | 0 | 0 | _aتاتانيا: ثلاث مسرحيات قصيرة : حدث في جمهورية الموز تاتانيا دراما الشحادين |
| 264 | 3 | 1 | _aالكويت: المجلس الاعلى للثقافة والفنون والاداب، 2015 |
| 300 | _a111ص | ||
| 336 |
_atext _btxt _2rdacontent |
||
| 337 |
_aunmediated _bn _2rdamedia |
||
| 338 |
_avolume _bnc _2rdacarrier |
||
| 650 | 4 |
_aالمسرح - مسرحيات عربية _948647 |
|
| 999 |
_aA21318 _c24886 _d24886 |
||